00863nam a22002057a 4500003000900000005001700009007000300026008004100029040002500070082002700095111007900122245008900201246003500290260004500325300002000370500004400390611010500434650007000539650004800609DO-SdBNP20230821153648.0ta221020b1980 dr ||||| |||| 00| 0 spa d aDO-SdBNPbspacBNPHU 4a021.7bF356s, 19802222 aFeria Nacional del Libron(8ª :d1980 : 23 abril al 30 :cSanto Domingo)10aVIII feria nacional del libro :bprograma /cdirector general Carlos Esteban Deive.13aOctava feria nacional del ibro aSanto Domingo :bFeria del libro,c1980. a44 p. ;c23 cm. aDedicado a Héctor Inchaustegui Cabral24aFeria nacional del libron(8ª :d1980 :cSanto Domingo, República Dominicana)xCatálogo general 4aFeria del librozRepública DominicanaxCatálogo generaly2003 4aIndustria del librozRepública Dominicana